IFM Opac

The workshop of the world (Record no. 14781)

MARC details
000 -LEADER
fixed length control field 00389nam a22001577a 4500
020 ## - INTERNATIONAL STANDARD BOOK NUMBER
International Standard Book Number 0 19 888032 4
082 ## - DEWEY DECIMAL CLASSIFICATION NUMBER
Classification number 330.942CHA
100 ## - MAIN ENTRY--PERSONAL NAME
Personal name Chamber J.D.
245 ## - TITLE STATEMENT
Title The workshop of the world
260 ## - PUBLICATION, DISTRIBUTION, ETC.
Place of publication, distribution, etc. London
Name of publisher, distributor, etc. Oxford
Date of publication, distribution, etc. 1968
300 ## - PHYSICAL DESCRIPTION
Extent viii,165p
Other physical details 25cm
500 ## - GENERAL NOTE
General note Include Bibliography and Index
650 ## - SUBJECT ADDED ENTRY--TOPICAL TERM
Topical term or geographic name entry element The workshop of the world
700 ## - ADDED ENTRY--PERSONAL NAME
Personal name Chamber J.D.
942 ## - ADDED ENTRY ELEMENTS (KOHA)
Koha item type Books
Holdings
Withdrawn status Lost status Damaged status Not for loan Home library Current library Shelving location Date acquired Total Checkouts Full call number Barcode Date last seen Price effective from Koha item type
Withdrawn       IFM Main Campus Library IFM Main Campus Library Archival Collection 01/18/2016   330.942CHA 0000008869 01/18/2016 02/19/2022 Books